000 01347namaa22003131i 4500
005 20260404131357.0
008 260224s1995 ua a|||frm||| 000 0 eng d
040 _aEG-GICUC
_beng
_cEG-GICUC
_dEG-GICUC
_erda
041 0 _aeng
_beng
_bara
049 _aDeposit
097 _aPh.D
099 _aCai01.18.02.Ph.D.1995.Sa.A
100 0 _aSaid Abdel Moniem Ahmed Mabrouk,
_epreparation.
245 1 0 _aAn Integrated multitrategy learner and its application in fault diagnosis /
_cBy Said Abdel Moniem Ahmed Mabrouk ; Supervised Prof. Dr. Slwa El-Gamal, Prof. Dr. Ahmed Rafea
246 1 5 _aنظام تعلم متاكل ومتعدد الاساليب و تطبيقاته في مجال تشخيص الاعطال
264 0 _c1995.
300 _a130 Leaves :
_billustrations
_c30 cm. +
336 _2rda content
_atext
337 _2rdamedia
_aUnmediated
338 _2rdacarrier
_avolume
502 _aThesis (Ph.D)-Cairo University, 1995.
504 _aBibliography: pages 127-130
653 0 _afault diagnosis
_aAn Integrated multitrategy learner
700 0 _aSlwa El-Gamal
_ethesis advisor.
700 0 _aAhmed Rafea
_ethesis advisor.
900 _DDepartment of Computer Science
_FFaculty of Institute of Studies and Research
_UCairo University
_b1995
_cSlwa El-Gamal
_cAhmed Rafea
905 _aNehad
_eNourhan
942 _2ddc
_cTH
_e21
_n0
999 _c178696